01054nam a2200229 i 4500001000700000003000900007005001700016008004100033040003000074100003700104245012600141260009700267300002700364490004800391597001100439598004000450650003100490830005600521852010200577999001900679952012600698157003ES-MaACL20230906210544.0990504s1896 fr |||| | fre d aCCPB | B bspa cCCPB | B0 aLanessan, Jean-Louis de.918299013aLa morale des philosophes chinois b: extraite des livres classiques de la Chine et de l'Annam / cpar J. L. de Lanessan. aParis : bAncienne Librairie Germer Baillière et Cie : bFélix Alcan, éditeur, c1896. a124, [2] p. ; c19 cm.1 aBibliothéque de philosophie contemporaine aAntep. aLa mención de res. consta en cub. 4aÉtica-xHistoria.9125810 aBibliothéque de philosophie contemporaine9181027 aES-MaACLjF-11918 z-- Enc. hol. x-- Edic.: El imp. es: Evreux, Imprimerie de Charles Hérissey c157003d157003 001040708LIBXIXaATENEOMbATENEOMcSPP2d2008-01-17eSSCl0oF-11918p1164269r2023-02-23 00:00:00w2023-02-23yMONANT